Normale Ansicht MARC-Ansicht ISBD

Legalizing gender inequality (Titelsatznr. 68265)

[ MARC ]
MARC-Details
000 -Satzkennung
Kontrollfeld mit fester Länge 01495nad a2200385 a 4500
001 - Kontrollnummer
Kontrollfeld MIU01000000000000012934550
003 - Kontrollnummer Identifier
Kontrollfeld MiU
005 - Datum und Zeit der letzten Transaktion
Kontrollfeld 20231010141525.0
007 - Feld mit fester Länge zur physischen Beschreibung - Allgemeine Information
Kontrollfeld mit fester Länge cr mnummmmuuuu
008 - Feld mit fester Länge zur physischen Beschreibung - Allgemeine Angaben
Kontrollfeld mit fester Länge 990726s1999 enka sb 001 0 eng d
024 7# - Anderer Standardidentifier
Standardnummer oder Code 2027/heb31534
Quelle der Nummer oder des Codes hdl
040 ## - Katalogisierungsquelle
Original-Katalogisierungsstelle NyNyACL
Übertragungsstelle NyNyACL
090 ## - LOCALLY ASSIGNED LC-TYPE CALL NUMBER (OCLC); LOCAL CALL NUMBER (RLIN)
Notation (OCLC) (R) ; Notation, CALL (RLIN) (NR) KF3464
Local cutter number (OCLC) ; Book number/undivided call number, CALL (RLIN) (INTERNET)
041 ## - Sprachcode
Sprachcode des Textes/der Tonspur oder des separaten Titels eng
100 1# - Haupteintragung - Personenname
Personenname Nelson, Robert L.,
Datumsangaben in Verbindung mit einem Namen 1952-
Koha-Normdatenidentnummer 51071
245 10 - Titel
Titel Legalizing gender inequality
Medium [electronic resource] :
Zusatz zum Titel courts, markets, and unequal pay for women in America /
Verfasserangabe etc. Robert L. Nelson, William P. Bridges.
264 ## - Produktion, Veröffentlichung, Distribution, Herstellung und Urheberrechtsvermerk
Herstellungs-, Veröffentlichungs- Vertriebs-, Erzeugungsort Cambridge, UK ;
Produzent, Herausgeber, Distributor, Hersteller Cambridge University Press,
Datum der Herstellung, der Veröffentlichung, des Vertriebs oder des Urheberschutzvermerks 1999.
300 ## - Physische Beschreibung
Umfang xvi, 393 p. :
Andere physische Details ill. ;
Maße 24 cm.
336 ## - Inhaltstyp
Quelle rdacontent
Inhaltstypcode txt
Inhaltstypterm Text
337 ## - Medientyp
Quelle rdamedia
Medientypcode bc
Bezeichnung des Medientyps Computermedien
338 ## - Datenträgertyp
Quelle rdacarrier
Datenträgertypcode cr
Datenträgertypbezeichnung Online Ressource
490 1# - Gesamttitelangabe
Gesamttitelangabe Structural analysis in the social sciences ;
Bandnummer/Folgebezeichnung 16
504 ## - Fußnote zu Literaturverzeichnissen usw.
Fußnote zu Bibliographien usw. Includes bibliographical references (p. 371-384) and index.
500 ## - Allgemeine Fußnote
Allgemeine Fußnote E-Book-ACLS / Zugriff nur im DHI-Lesesaal
500 ## - Allgemeine Fußnote
Allgemeine Fußnote American Council of Learned Societies/ https://www.humanitiesebook.org/about/
650 #0 - Nebeneintragung unter einem Schlagwort - Sachschlagwort
Allgemeine Unterteilung Law and legislation
Geografische Unterteilung United States.
Koha-Normdatenidentnummer 51072
650 #0 - Nebeneintragung unter einem Schlagwort - Sachschlagwort
Geografische Unterteilung United States.
Koha-Normdatenidentnummer 20486
653 ## - Indexierungsterm - Nicht normiert
Nicht-normierter Term Pay equity
653 ## - Indexierungsterm - Nicht normiert
Nicht-normierter Term Pay equity
700 1# - Nebeneintragung - Personenname
Personenname Bridges, William P.
Koha-Normdatenidentnummer 51073
830 #0 - Nebeneintragung unter dem Gesamttitel - Einheitstitel
Einheitstitel Structural analysis in the social sciences ;
Bandnummer/Folgebezeichnung 16.
Koha-Normdatenidentnummer 51074
830 #0 - Nebeneintragung unter dem Gesamttitel - Einheitstitel
Einheitstitel ACLS Humanities E-Book.
Koha-Normdatenidentnummer 51075
856 40 - Elektronische Adresse und Zugriff
OPAC-Notiz Volltext
URL <a href="https://hdl.handle.net/2027/heb31534">https://hdl.handle.net/2027/heb31534</a>
942 ## - Zusätzliche Felder (Koha)
Koha-Medientyp E-Books
Exemplare
Ausgeschieden Verloren Beschädigt Nicht entleihbar Heimatbibliothek Aufenthaltsbibliothek Aufstellungsort Erwerbungsdatum Inventarnummer Signatur Barcode Letzte Aktivität Preis gültig von Koha-Medientyp
        MWN Osteuropa MWN Osteuropa Online-Ressource 10/10/2023 23-e0ACLS E-23-e0ACLS 71100 10/10/2023 10/10/2023 E-Books